HTML Elements Quiz Stats

 Plays Quiz Updated Jun 2, 2020

Support Sporcle.
Go Orange.
Score 0/102 Timer 05:00
0 Plays Today
% Correct
a
89.8%
b
86.9%
i
77.7%
s
74.9%
p
68.2%
html
45.6%
q
43.6%
head
43.3%
body
42.7%
li
40.7%
br
36.1%
table
34.1%
img
33.3%
ul
32.7%
div
32%
header
31.5%
tr
30.8%
hr
30.7%
footer
29.9%
td
28.5%
ol
28%
title
27%
h1-h6
25.4%
script
25.3%
style
23.5%
link
23.3%
span
22%
th
21.4%
meta
20.9%
col
20.8%
em
20.2%
strong
18.2%
nav
17.2%
form
16.5%
% Correct
section
16.3%
article
16.1%
input
16%
video
15.4%
button
12.2%
aside
12.2%
sub
10.8%
iframe
10.5%
dd
10.1%
code
9.4%
tbody
9.1%
object
9%
blockquote
9%
audio
9%
dl
8.7%
dt
8.5%
thead
8.5%
abbr
8.4%
sup
8.4%
textarea
8.1%
noscript
7.7%
pre
7.5%
select
7.5%
canvas
7.4%
figure
7.1%
small
7%
option
6.8%
address
6.5%
label
6%
area
6%
tfoot
5.8%
del
5.8%
rt
5.7%
caption
5.7%
% Correct
base
5.5%
cite
5.5%
map
5.5%
source
5.3%
ins
5.3%
fieldset
4.9%
embed
4.8%
legend
4.6%
var
4.6%
time
4.4%
mark
4.1%
colgroup
4.1%
bdo
3.9%
figcaption
3.9%
param
3.7%
dfn
3.7%
kbd
3.6%
rp
3.2%
optgroup
3%
output
3%
samp
2.9%
bdi
2.5%
details
2.3%
menu
2.3%
summary
2.3%
hgroup
2.1%
datalist
1.8%
ruby
1.8%
command
1.4%
meter
1.4%
wbr
1.4%
progress
1.1%
track
1.1%
keygen
0.2%

You're not logged in!

Compare scores with friends on all Sporcle quizzes.
OR
Log In

From the Vault

Absent Letter Asian Cities

by RobFitz

Eh, we weren't really taking too much attendance anyway.
Remove Ads.
Support Sporcle.
Get the best of Sporcle when you Go Orange. This ad-free experience offers more features, more stats, and more fun while also helping to support Sporcle. Thank you for becoming a member.

Show Comments

Extras

Top Quizzes Today


Score Distribution

Your Account Isn't Verified!

In order to create a playlist on Sporcle, you need to verify the email address you used during registration. Go to your Sporcle Settings to finish the process.

Report this User

Report this user for behavior that violates our Community Guidelines.

Details: